000 00876nam a2200253Ia 4500
005 20241119104849.0
008 210716s2009 xx 000 0 und d
020 _a9788190931403
040 _cAIMIT LIBRARY
041 _aeng
082 _a001.072658
_21
_bMOOM
245 _aBetter business practices for sustainable social change /
_cEdited by M S Moodithaya...[et.al].
250 _a1st ed.
260 _aMumbai :
_bSitha Book House .
_c2009.
300 _aviii,256p. ;
_bHB
_c23.5 cm
650 _aUsing the social accounting framework
_9185684
650 _aChanging dimensions of corporate
_9185689
650 _aGlobalization and corporate
_9185690
700 _aMoodithaya, M S., ed.
_9185685
700 _aThingalaya, N K., ed.
_9185686
700 _aShetty, N S., ed.
_9185687
700 _aJoshi, G V., ed.
_9185688
942 _2ddc
_cBK
_e1st
_k001.072658 MOOM
999 _c204590
_d204590